Sátiras / (Record no. 177331)
[ view plain ]
| 000 -CABECERA | |
|---|---|
| campo de control de longitud fija | 00676nam a2200217 u 4500 |
| 005 - FECHA Y HORA DE LA ÚLTIMA TRANSACCIÓN | |
| campo de control | 20210223132713.0 |
| 008 - ELEMENTOS DE LONGITUD FIJA--INFORMACIÓN GENERAL | |
| campo de control de longitud fija | 150817s1993 mx r 000 0 spa d |
| 020 ## - NÚMERO INTERNACIONAL NORMALIZADO PARA LIBROS | |
| Número Internacional Estándar del Libro | 9683625355 |
| 035 ## - NÚMERO DE CONTROL DEL SISTEMA | |
| Número de control de sistema | UPN01000205230 |
| 049 ## - COLECCIÓN | |
| Colección | CG |
| 050 #4 - SIGNATURA TOPOGRÁFICA DE LA BIBLIOTECA DEL CONGRESO | |
| Número de clasificación | PA6400 S3 |
| Número de documento/Ítem | B6.7 |
| 100 0# - ASIENTO PRINCIPAL--NOMBRE PERSONAL | |
| Nombre de persona | Horacio Flaco, |
| Títulos y otros términos asociados al nombre | Quinto, |
| Fechas asociadas al nombre | 65-8 a.C. |
| 9 (RLIN) | 37840 |
| 245 10 - MENCIÓN DE TÍTULO | |
| Título | Sátiras / |
| Mención de responsabilidad, etc. | Quinto Horacio Flaco ; introd., versión rítmica y notas Rubén Bonifaz Nuño. |
| 260 ## - PUBLICACIÓN, DISTRIBUCIÓN, ETC. | |
| Lugar de publicación, distribución, etc. | México : |
| Nombre del editor, distribuidor, etc. | UNAM, |
| Fecha de publicación, distribución, etc. | 1993. |
| 300 ## - DESCRIPCIÓN FÍSICA | |
| Extensión | 95, [100] p. |
| 440 #0 - MENCIÓN DE SERIE/ASIENTO SECUNDARIO--TÍTULO | |
| Título | Bibliotheca scriptorum graecorum et romanorum mexicana |
| 650 #4 - ASIENTO SECUNDARIO DE MATERIA - TERMINO TEMATICO | |
| Término de materia o nombre geográfico como elemento de entrada | SATIRA LATINA |
| 9 (RLIN) | 21004 |
| 650 #4 - ASIENTO SECUNDARIO DE MATERIA - TERMINO TEMATICO | |
| Término de materia o nombre geográfico como elemento de entrada | POESIA LATINA |
| 9 (RLIN) | 24179 |
| 905 ## - TIPO DE MATERIAL | |
| Tipo de material | Libro |
| Estado de retiro | Estado de pérdida | Fuente del sistema de clasificación o colocación | Estado dañado | No para préstamo | Código de colección | Localización permanente | Ubicación/localización actual | Ubicación en estantería | Total de préstamos | Clasificación | Código de barras | Fecha visto por última vez | Número de copia | Tipo de ítem Koha |
|---|---|---|---|---|---|---|---|---|---|---|---|---|---|---|
| Library of Congress Classification | Colección General | Bib. Gregorio Torres Quintero | Bib. Gregorio Torres Quintero | Planta baja | PA6400 S3 B6.7 | 305606 | 31/12/2020 | 1 | Libro |
